000
00360nam a2200169Ia 4500
003
0STCL
008
150530s9999 xx 000 0 und d
040
_a
STCL
_c
STCL
100
_a
Binod Kumar Sahu
245
_a
Population education
260
_c
2002
300
_a
0
546
_a
English
942
_2
ddc
_c
BK
999
_c
6430
_d
6430
005
20220125165432.0